000 00613nmm a2200205Ia 4500
008 251105s9999||||xx |||||||||||||||||und||
020 _a9788467510478
041 _aspa
100 _aVillanes Cairo, Carlos
245 0 _aMozart, el niño genio
264 _a[Madrid, España] :
_bGrupo SM,
_c2006
300 _a139 páginas
490 _aEl Barco de Vapor Naranja
650 _aAges 9-12 Years Old
700 _aVillanes Cairo, Carlos
700 1 _a Córdova Rosas, Isabel
700 1 _a Santolaya Ruiz Clavijo, Antonia (il.)
856 _uhttps://public.digitaliapublishing.com/a/98879
942 _cCF
999 _c72425
_d72425